Poruchy príjmu potravy ako rizikové správanie adolescentov optikou sociálnej práce
Analýza poruchy príjmu potravy, ktorú v súčasnosti možno považovať za biopsychosociálnu poruchu a formu rizikového správania, s najčastejším výskytom u adolescentnej populácie. Faktory zohrávajúce úlohu pri poruchách príjmu potravy: biologické, psychosociálne, genetické a environmentálne. Analýza so...
Uložené v:
| Hlavný autor: | |
|---|---|
| Médium: | Kapitola |
| Jazyk: | Slovak |
| Predmet: | |
| Tagy: |
Žiadne tagy, Buďte prvý, kto otaguje tento záznam!
|
MARC
| LEADER | 00000naa$a2200000$$$4500 | ||
|---|---|---|---|
| 001 | 0252853 | ||
| 005 | 20190408080800.6 | ||
| 041 | 0 | |a slo | |
| 044 | |a CZ | ||
| 245 | 1 | 0 | |a Poruchy príjmu potravy ako rizikové správanie adolescentov optikou sociálnej práce |c Lucia Tóthová |
| 520 | |a Analýza poruchy príjmu potravy, ktorú v súčasnosti možno považovať za biopsychosociálnu poruchu a formu rizikového správania, s najčastejším výskytom u adolescentnej populácie. Faktory zohrávajúce úlohu pri poruchách príjmu potravy: biologické, psychosociálne, genetické a environmentálne. Analýza sociálnych rizikových faktorov. Tripartitný model: tri primárne ovplyvňujúce premenné - rovesníci, rodičia, médiá. | ||
| 610 | 2 | 0 | |a práca sociálna |
| 610 | 2 | 0 | |a sociológia |
| 610 | 2 | 0 | |a psychológia |
| 610 | 2 | 0 | |a prevencia |
| 610 | 2 | 0 | |a médiá |
| 610 | 2 | 0 | |a populácia |
| 610 | 2 | 0 | |a rodina |
| 610 | 2 | 0 | |a spoločnosť |
| 610 | 2 | 0 | |a identita |
| 610 | 2 | 0 | |a mladiství |
| 610 | 2 | 0 | |a mládež |
| 610 | 2 | 0 | |a práca |
| 610 | 2 | 0 | |a chudoba |
| 610 | 2 | 0 | |a zdravie |
| 100 | 1 | |a Tóthová, Lucia | |